| 000 | 00574nam a2200169Ia 4500 | ||
|---|---|---|---|
| 003 | GCL | ||
| 008 | 140319s9999 xx 000 0 ara d | ||
| 040 |
_aGCL / _cGCL |
||
| 082 | 0 | 4 |
_a923.1 _bم ت |
| 100 | 1 | _aمحيى الدين بن عبدالظاهر | |
| 245 | 1 | 0 |
_aتشريف الايام والعصور فى سيرة الملك المنصور / _cمحيى الدين بن عبدالظاهر |
| 300 | _a329 ص | ||
| 490 |
_aكتاب _v0 |
||
| 650 | 0 | 4 | _aالملك المنصور سيف الدين قلاوون |
| 650 | 0 | 4 | _aالملوك - تراجم |
| 942 |
_2ddc _cBK |
||
| 999 |
_c43284 _d43284 |
||